Rzeczowniki na literę K - Statystyki

Ogólne statystyki
  • Ten quiz został rozwiązany 41 razy
  • Średni wynik to 113 z 320
Statystyki odpowiedzi
Odpowiedź % Poprawnych
kot
97%
kara
90%
koń
90%
kąt
87%
kat
87%
kos
87%
kura
87%
kac
83%
kra
83%
kawa
80%
koc
80%
koło
80%
komin
80%
kosz
80%
kaczka
77%
król
77%
karta
73%
koza
73%
krowa
73%
kuc
73%
kula
73%
kasa
70%
komputer
70%
kość
70%
krew
70%
kasza
67%
kok
67%
komar
67%
kora
67%
kret
67%
kamień
63%
kanapa
63%
kartka
63%
kieł
63%
kino
63%
klasa
63%
kod
63%
kogut
63%
książka
63%
kwiat
63%
kabel
60%
kłos
60%
korek
60%
kran
60%
ksiądz
60%
kurtka
60%
kajak
57%
kanapka
57%
kapusta
57%
kosa
57%
krawat
57%
krem
57%
królowa
57%
kuchnia
57%
kalendarz
53%
kangur
53%
kiełbasa
53%
kiwi
53%
kolega
53%
kolor
53%
kostka
53%
koszyk
53%
krata
53%
kreda
53%
krokodyl
53%
krzesło
53%
kubek
53%
kuna
53%
klatka
50%
klon
50%
klucz
50%
koala
50%
kolano
50%
koniec
50%
korona
50%
korzeń
50%
krab
50%
kraj
50%
królik
50%
kruk
50%
książę
50%
kapelusz
47%
karabin
47%
karp
47%
karton
47%
kieszeń
47%
klamka
47%
klapa
47%
klej
47%
klip
47%
kometa
47%
kort
47%
kotlet
47%
krzak
47%
krzyż
47%
księga
47%
kwas
47%
kalafior
43%
kamizelka
43%
kant
43%
kask
43%
kasztan
43%
kierownica
43%
kilogram
43%
kiszka
43%
klacz
43%
kościół
43%
kozak
43%
królestwo
43%
kucharz
43%
kadr
40%
kapa
40%
kawałek
40%
kilof
40%
kiosk
40%
klops
40%
kluska
40%
kolczyk
40%
koperek
40%
kowal
40%
kredka
40%
krzew
40%
księżniczka
40%
kuropatwa
40%
kanał
37%
kaptur
37%
kierownik
37%
kleks
37%
klimat
37%
klocki
37%
klub
37%
kokos
37%
kołdra
37%
kolejka
37%
koparka
37%
korale
37%
kosiarka
37%
kosmetyk
37%
kosmos
37%
kreska
37%
kronika
37%
kropla
37%
krzyk
37%
kurz
37%
kabanos
33%
kakao
33%
kaktus
33%
kapcie
33%
kaseta
33%
kawaler
33%
kierowca
33%
klapki
33%
klarnet
33%
kleszcz
33%
kobra
33%
kojot
33%
kolec
33%
komoda
33%
komora
33%
kompot
33%
kontakt
33%
koperta
33%
koszt
33%
koszula
33%
koszulka
33%
koszykówka
33%
kukułka
33%
kurnik
33%
kwota
33%
kaloryfer
30%
kapitan
30%
kark
30%
kieliszek
30%
kilometr
30%
kisiel
30%
klawisz
30%
kobieta
30%
kokarda
30%
kolacja
30%
komentarz
30%
komik
30%
komornik
30%
konewka
30%
konto
30%
kopia
30%
kurtyna
30%
kalarepa
27%
kanarek
27%
kantor
27%
karaluch
27%
kartoteka
27%
kawior
27%
kebab
27%
kefir
27%
kładka
27%
kłopot
27%
kochanek
27%
komedia
27%
korektor
27%
koryto
27%
kosmyk
27%
kozioł
27%
kożuch
27%
kręgle
27%
kropka
27%
kufel
27%
kulig
27%
kurs
27%
kuzyn
27%
kaftan
23%
kalkulator
23%
kałuża
23%
kąpiel
23%
kierunek
23%
klawiatura
23%
klimatyzacja
23%
kłódka
23%
kocioł
23%
kolumna
23%
kominiarka
23%
komórka
23%
koniczyna
23%
kopalnia
23%
kosmetyczka
23%
krewetka
23%
kryształ
23%
kucyk
23%
kukurydza
23%
kumpel
23%
kwiecień
23%
kibic
20%
kłoda
20%
kolendra
20%
komnata
20%
komunia
20%
koncert
20%
kosmita
20%
krasnal
20%
krzywda
20%
księżyc
20%
kult
20%
kameleon
17%
kandydat
17%
kapibara
17%
kapsel
17%
karmel
17%
kątomierz
17%
kęs
17%
klamra
17%
klaun
17%
kłębek
17%
knur
17%
kolba
17%
kompozycja
17%
kompozytor
17%
konkurs
17%
korytarz
17%
kraina
17%
kręgosłup
17%
krzepa
17%
ksero
17%
księgowy
17%
kurkuma
17%
kamienica
13%
kanon
13%
karkówka
13%
katastrofa
13%
kciuk
13%
kiść
13%
klif
13%
klinika
13%
knot
13%
kodeks
13%
kolekcja
13%
kolonia
13%
komunikat
13%
konduktor
13%
korporacja
13%
krosta
13%
krtań
13%
kajdanki
10%
kapłan
10%
karnawał
10%
karnet
10%
katedra
10%
kelner
10%
klakson
10%
kofeina
10%
kokon
10%
kombinacja
10%
kombinerki
10%
komunikacja
10%
kotłownia
10%
kpina
10%
krajobraz
10%
kreskówka
10%
kąpielówki
7%
kategoria
7%
klęska
7%
kolorowanka
7%
kołpak
7%
konserwa
7%
koszmar
7%
krakers
7%
krytyka
7%
kursor
7%
kamuflaż
3%
kanalizacja
3%
karate
3%
kaucja
3%
klasyk
3%
klejnot
3%
knajpa
3%
kołtun
3%
konstytucja
3%
kardigan
0%
konkurencja
0%
kryminał
0%
kupon
0%
kursywa
0%
Nie znaleziono quizów pasujących do podanych kryteriów
Rozkład punktacji
Procent ludzi z każdym wynikiem
Percentyl według liczby udzielonych odpowiedzi
Twoja historia wyników
Nie rozwiązałeś tego quizu